Countries by Emojis - Statistics

General Stats
  • This quiz has been taken 40 times
  • The average score is 3 of 8
Answer Stats
Hint Answer % Correct
🔫 + a Ghana
73%
🧊 + a Cuba
55%
s + 🤕 Spain
48%
👔🏆 Taiwan
38%
🐑 🌧 Bahrain
30%
🎥🧍+ a Cambodia
23%
🦈🏞 Finland
23%
🥶 Chile
15%
No matching quizzes found
Score Distribution
Percent of People with Each Score
Percentile by Number Answered
Your Score History
You have not taken this quiz